| 000 | 00881nab a2200253 u 4500 | ||
|---|---|---|---|
| 001 | 09351 | ||
| 003 | HDC | ||
| 007 | cr bn ---aaaaa | ||
| 008 | 210201b20132013may||||| |||| 00| 0 eng d | ||
| 040 | _aHDC | ||
| 245 | 0 |
_aPerushaan Saudee targets 25pc higher revenue in 2014 _c/ Muhammed Ahmad Hamdan |
|
| 260 |
_aMalaysia: _bNew Straits Times Press (M) Bhd., _c2013 |
||
| 300 | _a1 online resource | ||
| 336 |
_atext _2rdacontent |
||
| 337 |
_acomputer _2rdamedia |
||
| 338 |
_aonline resource _2rdacarrier |
||
| 500 | _aSegment: NST Business Times | ||
| 650 |
_aHalal food industry _zMalaysia _9218 |
||
| 700 |
_aMuhammed Ahmad Hamdan _98514 |
||
| 856 | _zRequest full-text at [email protected] | ||
| 942 | _2lcc | ||
| 942 | _cNEWS | ||
| 942 | _kNWSC 002614 | ||
| 999 |
_c6674 _d6674 |
||